Devinez l'État Américain Mystère #47 - Statistiques

Statistiques générales
  • Ce quiz a été pris 152 fois
  • Le résultat moyen est 37 sur 41
Statistiques - réponses
Type de Réponse Réponse % Correct
Lettre Trouvée A
100%
Lettre Trouvée I
100%
Lettre Trouvée N
100%
Lettre Trouvée O
100%
Lettre de l'Alphabet S
100%
Lettre Trouvée E
99%
Lettre Trouvée L
99%
Lettre Trouvée R
99%
Lettre de l'Alphabet T
99%
Lettre Trouvée D
98%
Lettre de l'Alphabet K
98%
Lettre de l'Alphabet U
98%
Lettre de l'Alphabet M
96%
Lettre Trouvée C
95%
Lettre de l'Alphabet W
95%
Lettre de l'Alphabet G
93%
Lettre de l'Alphabet H
93%
Lettre de l'Alphabet V
93%
Lettre de l'Alphabet F
92%
Lettre de l'Alphabet Y
92%
Lettre de l'Alphabet P
90%
Lettre de l'Alphabet X
90%
Lettre de l'Alphabet B
88%
Lettre de l'Alphabet J
87%
Lettre de l'Alphabet Q
86%
Lettre de l'Alphabet Z
85%
Lettre Bien Placée A
84%
Lettre Bien Placée C
84%
État Mystère Caroline du Nord
84%
Lettre Bien Placée D
84%
Lettre Bien Placée D
84%
Lettre Bien Placée E
84%
Lettre Bien Placée I
84%
Lettre Bien Placée L
84%
Lettre Bien Placée N
84%
Lettre Bien Placée N
84%
Lettre Bien Placée O
84%
Lettre Bien Placée O
84%
Lettre Bien Placée R
84%
Lettre Bien Placée R
84%
Lettre Bien Placée U
84%
Aucun quiz correspondant
Distribution des résultats
% des personnes avec chaque résultat
Percentile par nombre de réponses
Votre historique - résultats
Vous n’avez pas pris ce quiz